LEADER 00859nam a2200229 i 4500 001 991003995629707536 005 20230428142540.0 008 081111s2003 enk|||||||||||||||||eng d 020 $a9780764519963 035 $ab13782757-39ule_inst 040 $aISUFI - Sett. Patrimonio Culturale$bita 082 04$a005.7565 100 1 $aSchwartz, Steven A.$0305789 245 10$aFileMaker Pro 6 bible /$cSteve Schwartz 260 $aNew York :$bWiley ;$aUnited Kingdom :$bdistributed by Transworld,$cc2003 300 $axxvii, 812 p. :$bill. ;$c24 cm 907 $a.b13782757$b28-03-22$c11-11-08 912 $a991003995629707536 945 $aLE016 005.7565 SCH 01.01$g1$i2016000127720$lle016$op$pE44.21$q-$rn$so$t0$u0$v0$w0$x0$y.i14907070$z17-12-08 996 $aFileMaker Pro 6 bible$93377779 997 $aUNISALENTO 998 $ale016$b11-11-08$cm$da$en$feng$genk$h0$i0